| 000 | 01020nam a2200289 i 4500 | ||
|---|---|---|---|
| 001 | bg | ||
| 100 | 1 | _aBolek, Wiktor. | |
| 245 | 1 | 0 |
_aLinearyzacja przez sprzężenie zwrotne w syntezie algorytmów regulacji dla obiektów termoenergetycznych / _cWiktor Bolek, Tadeusz Wiśniewski. |
| 260 |
_aWrocław : _bOficyna Wydawnicza Politechniki Wrocławskiej, _c2006. |
||
| 300 |
_a164 s. : _bil. ; _c24 cm. |
||
| 500 | _aTyt. grzb.: Linearyzacja przez sprzężenie zwrotne w syntezie algorytmów regulacji... | ||
| 504 | _aBibliogr. s. 162-164. | ||
| 650 | 9 |
_aAlgorytmy _xstosowanie _xtechnika |
|
| 650 | 9 |
_aGeometria różniczkowa _xstosowanie _xtechnika |
|
| 650 | 9 | _aSterowanie | |
| 650 | 9 |
_aTurbiny parowe _xmodele matematyczne |
|
| 700 | 1 | _aWiśniewski, Tadeusz. | |
| 015 | _aPB 4398/2007 | ||
| 020 | _a8370859917 | ||
| 040 | _cBPK | ||
| 041 | _apol | ||
| 044 | _aPOL | ||
| 080 | _a621.165:681.5:519.87:514.7:510.5 | ||
| 920 | _a83-7085-991-7 | ||
| 942 | _cKS | ||
| 008 | 070103s2006 pl a |000 0 pol c | ||
| 999 |
_c54763 _d54763 |
||
| 856 |
_uhttp://koha.tu.koszalin.pl/cgi-bin/koha/opac-detail.pl?biblionumber=54763 _yKatalog online BPK |
||